000 00410nam a2200181Ia 4500
005 20240823010404.0
008 240823s9999||||xx |||||||||||||| ||und||
041 _aENGLISH
082 _A4
100 _aBingham John
245 0 _aData Processing
250 _a1st
260 _b"Macmillan,L"
500 _aTransfered
650 _aData Process
_bComputer Applications
942 _cBK
999 _c158482
_d158482